000 00706nam a2200217Ii 4500
003 JO-AjNU
008 230605s9999||||xx |||||||||||||| ||und||
017 _a2010/6/2102
040 _aJO-AjNU
_bara
_erda
_cJO-AjNU
041 _aara
050 1 4 _aHD58.7.D47.2011
100 3 _aديري،زاهد محمد,
_eauthor
_927751
245 0 0 _aالسلوك التنظمي=Organizational Behavior
250 _aط1
264 3 1 _aعمان:دار المسيرة للنشر والتوزيع،2011
300 _a344ص
336 _atext
_btxt
_2rdacontent
337 _aunmediated
_bn
_2rdamedia
338 _avolume
_bnc
_2rdacarrier
650 4 _aادارة الاعمال-السلوك التنظيمي
_927752
999 _aA10682
_c14250
_d14250